00362 a2200109 450000500170000002000220001708200120003911100510005124500440010226000750014630000310022120250716105940.0 a978-9976-78-073-4 a650 NBA aTHE NATIONAL BOARD OF ACCOUNTANTS AND AUDITORS aA6 Business Economics: Foundation Level aDar es salaambThe National Board of Accountants and Auditors Tanzania a172p.: ill.; figuresc28cm